Statistics for Word Scramble - Body Parts

Click here to take the quiz!

General Stats

  • This quiz has been taken 99,169 times
    (71,514 since last reset)
  • The average score is 19 of 27

Answer Stats

Scramble Body Part % Correct
HRAETHeart
97%
NAKLEAnkle
95%
WTISRWrist
92%
YBELLBelly
89%
ITGHHThigh
87%
UMBTHThumb
85%
OHUTMMouth
82%
ABRNIBrain
82%
KHCEECheek
80%
SITWAWaist
78%
EENRVNerve
77%
TOHOTTooth
72%
LEVANNavel
72%
LKLSUSkull
71%
LAPSCScalp
71%
MERFUFemur
69%
VLERILiver
67%
CTSHEChest
66%
OGINRGroin
65%
OBOLDBlood
64%
LUPPIPupil
64%
AGNLDGland
62%
AATROAorta
54%
LAUUVUvula
51%
TBAIITibia
48%
RVYOAOvary
38%
MARLOMolar
31%

Score Distribution

Percentile by Number Answered

Percent of People with Each Score

Your Score History

You have not taken this quiz since the last reset